• 首页
  • 本馆介绍
  • 公告通知
  • 最新文献
  • 馆藏检索
  • 电子资源
  • 读者导购
  • 参考咨询
  • 我的图书馆
  • 登录
  • 详细信息显示
  • 放入我的书架
  • 预约/预借图书
  • 作者相关作品
  • 分类相关作品
  • 丛书相关作品
  • 出版社相关作品

书目信息

  • 表格格式
  • 工作单格式
  • 卡片格式
题名:
卵石画
    
 
作者: 王永庭 , 王永庭 编著
分册:  
出版信息: 武汉   湖北美术出版社  2001
页数: 37页
开本: 29cm
丛书名: 应用美术技法丛书
单 册:
中图分类: J211.29
科图分类:
主题词: 技法(美术) , 绘画 , 卵石 , 卵石--绘画--技法(美术)
电子资源:
ISBN: 7-5394-1053-1
000 01174nam0 2200373 450
000 01139nam0 2200361 450
000 01102nam0 2200349 450
000 01006nam0 2200337 450
000 00969nam0 2200325 450
000 00902oam2 2200301 450
001 0104000022
005 20061012092638.66
010    @a7-5394-1053-1@dCNY15.00
100    @a20050927d2001 em y0chiy0110 ea
101 0  @achi
102    @aCN@b420000
105    @aa z 000yy
200 1  @a卵石画@Aluan shi hua@f王永庭编著@Fwang yong ting bian zhu
210    @a武汉@c湖北美术出版社@d2001
215    @a37页@d29cm
225 2  @a应用美术技法丛书
330    @a本书包括卵石和卵石画、“依形就势”原则、描绘前的准备工作、卵石画的描绘、卵石画的保护、欣赏图例共七章内容。
461  0 @12001 @a应用美术技法丛书
606 0  @a技法(美术)
606 0  @a绘画
606 0  @a卵石
606 0  @a卵石@x绘画@x技法(美术)
690    @aJ211.29@v4
701  0 @a王永庭@9wang yong ting@4编著
701  0 @a王永庭@Awang yong ting@4编著
801  0 @aCN@b北京荣雅伟业图书经销中心@c20061012
905    @aBZT@dJ211.29@e1
906    @dCNY15.00@n0@r1
    
    卵石画/王永庭编著.-武汉:湖北美术出版社,2001
    37页;29cm.-(应用美术技法丛书)
    
    
    ISBN 7-5394-1053-1:CNY15.00
    本书包括卵石和卵石画、“依形就势”原则、描绘前的准备工作、卵石画的描绘、卵石画的保护、欣赏图例共七章内容。
●
相关链接 在五车中查询图书 在当当中查询图书 在豆瓣中查询图书


正题名:卵石画     索取号:J211.29/1         预约/预借

序号 登录号 条形码 馆藏地/架位号 状态 备注
1 497936   230017803   中心书库中库/ 中库016架B面1列4层78/ [索取号:J211.29/1] 在馆    
2 497937   230017802   中心书库中库/ 中库017架A面2列6层36/ [索取号:J211.29/1] 在馆    
3 497938   230017801   中心书库中库/ 中库017架A面3列7层16/ [索取号:J211.29/1] 在馆    
4 497939   230017800   中心书库中库/ 中库016架B面2列1层35/ [索取号:J211.29/1] 在馆    
5 497940   230017799   中心书库中库/ 中库016架B面2列1层36/ [索取号:J211.29/1] 在馆    
山东省滨州职业学院图书馆 欢迎您!
大连网信软件有限公司© 版权所有